Movies by songs #2 - Statistics

General Stats
  • This quiz has been taken 12 times
  • The average score is 6 of 15
Answer Stats
Hint Answer % Correct
Stayin' alive; How deep is your love Saturday night fever
100%
The sound of silence; Mrs Robinson The graduate
100%
Maniac; What a feeling Flashdance
78%
Love me; 8 miles and running 8 mile
44%
Son of a preacher man; You can never tell Pulp fiction
44%
Hooked on a feeling; Ain't no mountain high enough Guardians of the galaxy
33%
Accidentaly in love; Funkytown Shrek 2
33%
All along the watchtower; I'm not there I'm not there
22%
You are my sunshine; I'm a man of constant sorrow Oh brother, where art thou?
22%
Joy to the world; My girl The big chill
22%
A little party never killed nobody; Young and beautiful The great Gatsby
22%
Get rhythm; Cry cry cry Walk the line
22%
Persuit of happiness; The next episode Project X
11%
You can get it if you really want; The harder they come The harder they come
11%
(I just) died in your arms; One The Lego Batman movie
11%
No matching quizzes found
Score Distribution
Percent of People with Each Score
Percentile by Number Answered
Your Score History
You have not taken this quiz